Lenguaje y creación: E.G.B. 3

সংরক্ষণ করুন:
গ্রন্থ-পঞ্জীর বিবরন
প্রধান লেখক: Sola Contreras, María Eugenia (Author), Díaz Aranzubia, Marisol (Author)
বিন্যাস: গ্রন্থ
ভাষা:স্প্যানিশ
প্রকাশিত: Santiago Didascalia 1983
বিষয়গুলি:
ট্যাগগুলো: ট্যাগ যুক্ত করুন
কোনো ট্যাগ নেই, প্রথমজন হিসাবে ট্যাগ করুন!

MARC

LEADER 00000nam a2200000 a 4500
001 UCW6097
003 CL-VaPUC
008 911011e19830000CL |||||||||||||||||spa|d
082 0 4 |a 372.6  |b SOL  |2 21 
100 0 |a Sola Contreras, María Eugenia  |e author  |9 311064 
700 0 |a Díaz Aranzubia, Marisol  |e author  |9 311065 
245 1 0 |a Lenguaje y creación: E.G.B. 3 
300 |a 136 p 
942 |c BK 
945 |d 19911011 00:00:00 
260 |a Santiago  |b Didascalia  |c 1983 
650 7 |a ESPAÑOL LIBROS DE TEXTO  |2 CL-VaPUC  |9 307657 
650 7 |a LIBROS DE LECTURA EDUCACION BASICA  |2 CL-VaPUC  |9 307959 
583 |a last modification  |c 19911011 00:00:00  |k Rodrigo Vera 
999 |c 219261  |d 219259 
952 |0 0  |1 0  |4 0  |6 372_600000000000000_SOL_1983  |7 0  |8 P  |9 209946  |a BIBEDU  |b BIBEDU  |c BIBEDU_PB  |d 2019-11-15  |i 2780437  |o 372.6 SOL 1983  |p 2780437  |r 2024-01-25  |w 2019-11-15  |y BK  |k EDU 
952 |0 0  |1 0  |4 0  |6 372_600000000000000_SOL_1983  |7 0  |8 P  |9 209947  |a BIBEDU  |b BIBEDU  |c BIBEDU_PB  |d 2019-11-15  |i 2780445  |o 372.6 SOL 1983  |p 2780445  |r 2024-01-25  |w 2019-11-15  |y BK  |k EDU